| 000 | 00703nam a22002177a 4500 | ||
|---|---|---|---|
| 003 | UA-OsUOA | ||
| 001 | 74513 | ||
| 007 | ta | ||
| 008 | 20110411b un ||||| |||| 00| 0 ukr d | ||
| 100 | _aЧумак Т. | ||
| 090 |
_a82 _bЧ-90 |
||
| 942 | _cSA | ||
| 040 |
_aUA-OsUOA _bukr _cUA-OsUOA _dUA-OsUOA |
||
| 245 | _a"Моя любове, я перед тобою..." (Літературно-мистецька вітальня, присвячена вивченню інтимної лірики Ліни Костенко) | ||
| 300 | _aС.6-9 | ||
| 955 | _a0 | ||
| 041 | _aukr | ||
| 080 | _a82 | ||
| 773 | 0 | _w74511 | |
| 650 | 7 |
_a82 Література. Літературознавство _2UDC |
|
| 999 |
_c360804 _d360804 |
||